Eutrofizácia povrchových vôd - následok znečisťovania živinami
Vstupom SR do EÚ sa SR zaviazala plniť záväzky implementácie smernice Rady 91/676/EHS o ochrane vôd pred znečistením dusičnanmi z poľnohospodárskych zdrojov a zabrániť riziku eutrofizácie. Má vymedziť zraniteľné oblasti s rizikom eutrofizácie v dôsledku poľnohospodárskej činnosti.
Gespeichert in:
| 1. Verfasser: | |
|---|---|
| Weitere Verfasser: | |
| Format: | Buchkapitel |
| Sprache: | Slowakisch |
| Schlagworte: | |
| Tags: |
Keine Tags, Fügen Sie das erste Tag hinzu!
|
MARC
| LEADER | 00000naa a2200000 4500 | ||
|---|---|---|---|
| 001 | 0287087 | ||
| 005 | 20240417075212.6 | ||
| 041 | 0 | |a slo | |
| 044 | |a SK | ||
| 245 | 1 | 0 | |a Eutrofizácia povrchových vôd - následok znečisťovania živinami |c Elena Rajczyková, Lenka Sumegová |
| 520 | |a Vstupom SR do EÚ sa SR zaviazala plniť záväzky implementácie smernice Rady 91/676/EHS o ochrane vôd pred znečistením dusičnanmi z poľnohospodárskych zdrojov a zabrániť riziku eutrofizácie. Má vymedziť zraniteľné oblasti s rizikom eutrofizácie v dôsledku poľnohospodárskej činnosti. | ||
| 610 | 2 | 0 | |a voda |
| 610 | 2 | 0 | |a voda povrchová |
| 610 | 2 | 0 | |a znečistenie vôd |
| 610 | 2 | 0 | |a znečistenie prostredia životného |
| 610 | 2 | 0 | |a Slovensko |
| 610 | 2 | 0 | |a Európska únia |
| 610 | 2 | 0 | |a Rada Európskej únie |
| 100 | 1 | |a Rajczyková, Elena | |
| 700 | 1 | |a Sumegová, Lenka | |